| 000 | 00523nam a22001937a 4500 | ||
|---|---|---|---|
| 001 | 000043494 | ||
| 003 | DO-SdBNP | ||
| 005 | 20220208090031.0 | ||
| 007 | ta | ||
| 008 | 140319s2000 000 spa d | ||
| 040 |
_aDO-SdBNP _bspa _cBNPHU |
||
| 082 |
_axxx _bR426c |
||
| 245 | 0 | _aConozca el Tribunal Constitucional de la República Dominicana | |
| 260 |
_aSanto Domingo, : _bTribunal Constitucional, _c[2015]. |
||
| 300 |
_a16 p. ; _c14 cm. |
||
| 590 | _aInventariado, 2022 / DG | ||
| 910 | _aDG | ||
| 942 |
_2ddc _cLBS1 |
||
| 999 |
_c51371 _d51371 |
||